Sports Quiz

Random Sports or NFL Quiz

The first ten players in the first round Quiz Stats

 Plays Quiz not verified by Sporcle

Score 0/10 Timer 03:00
0 Plays Today
Pick # Player % Correct
1Sam Bradford
96.8%
2Ndamukong Suh
95.7%
5Eric Berry
69.9%
9C.J. Spiller
68.8%
3Gerald McCoy
65.6%
4Trent Williams
55.9%
6Russell Okung
53.8%
7Joe Haden
51.6%
8Rolando McClain
47.3%
10Tyson Alualu
35.5%

You're not logged in!

Compare scores with friends on all Sporcle quizzes.
OR
Log In

Show Comments

Extras

Created Nov 2, 2010ReportNominate
Tags:NFL Quiz, 2010, draft, player, round, team, ten

Top Quizzes Today


Score Distribution

Your Account Isn't Verified!

In order to create a playlist on Sporcle, you need to verify the email address you used during registration. Go to your Sporcle Settings to finish the process.

Report this User

Report this user for behavior that violates our Community Guidelines.

Details: